Socrates, plato, aristotler rajnaitik darsan aru rajniti bigyanar tatva (Record no. 1341)

MARC details
000 -LEADER
fixed length control field 00570cam a2200193ua 4500
008 - FIXED-LENGTH DATA ELEMENTS--GENERAL INFORMATION
fixed length control field 110709n ii |||gr||||Z||||||asm
040 ## - CATALOGING SOURCE
Transcribing agency MAIN
082 ## - DEWEY DECIMAL CLASSIFICATION NUMBER
Classification number 320.5
100 1# - MAIN ENTRY--PERSONAL NAME
Personal name Das, Mrigendra Narayan,
Relator term
245 1# - TITLE STATEMENT
Title Socrates, plato, aristotler rajnaitik darsan aru rajniti bigyanar tatva
Statement of responsibility, etc. by Mrigendra Narayan Das
250 ## - EDITION STATEMENT
Edition statement 2nd.
260 ## - PUBLICATION, DISTRIBUTION, ETC.
Place of publication, distribution, etc. Dibrugarh:
Name of publisher, distributor, etc. Students Emporium,995.
300 ## - PHYSICAL DESCRIPTION
Extent 328p:
Dimensions 23cm.
700 ## - ADDED ENTRY--PERSONAL NAME
Personal name Bhagawati, Diren,
Relator term
942 ## - ADDED ENTRY ELEMENTS (KOHA)
Koha item type Books
653 ## - INDEX TERM--UNCONTROLLED
Uncontrolled term Political Science
653 ## - INDEX TERM--UNCONTROLLED
Uncontrolled term Political philosophy & theory
Holdings
Withdrawn status Lost status Damaged status Not for loan Home library Current library Shelving location Date acquired Total Checkouts Full call number Barcode Date last seen Copy number Price effective from Koha item type
        Central Library, Naharkatiya College Central Library, Naharkatiya College General Stacks 19/09/2020   320.5 | BHA 925 19/09/2020 1 19/09/2020 Books

Naharkatiya College © 2020. All rights reserved.

Powered By